<?xml version="1.0" encoding="UTF-8"?>
<collection xmlns="http://www.loc.gov/MARC21/slim">
 <record>
  <leader>00600pamaa2200169   4500</leader>
  <controlfield tag="001">0000045403</controlfield>
  <controlfield tag="005">20090617090000.0</controlfield>
  <controlfield tag="008">090617                             eng  </controlfield>
  <datafield tag="020" ind1="0" ind2="0">
   <subfield code="a">9781560259541 / 156025954X </subfield>
  </datafield>
  <datafield tag="090" ind1="0" ind2="0">
   <subfield code="a">HD2743 </subfield>
   <subfield code="b">CEP 2007</subfield>
  </datafield>
  <datafield tag="100" ind1="1" ind2="0">
   <subfield code="a">Cepuch </subfield>
  </datafield>
  <datafield tag="245" ind1="0" ind2="3">
   <subfield code="a">A weekend with Warren Buffett : </subfield>
   <subfield code="b">and other shareholders meeting adventures  </subfield>
   <subfield code="c">Randy Cepuch.</subfield>
  </datafield>
  <datafield tag="260" ind1="0" ind2="0">
   <subfield code="a">New York: </subfield>
   <subfield code="b">Thunder's Mouth Press, </subfield>
   <subfield code="c">2007.</subfield>
  </datafield>
  <datafield tag="300" ind1=" " ind2=" ">
   <subfield code="a">xiii, 250 p.; </subfield>
   <subfield code="c">22 cm.</subfield>
  </datafield>
  <datafield tag="504" ind1="0" ind2="0">
   <subfield code="a">Includes bibliographical references (p. [247]-248)</subfield>
  </datafield>
  <datafield tag="650" ind1="0" ind2="0">
   <subfield code="a">Stockholders' meetings -- </subfield>
   <subfield code="x">Anecdotes </subfield>
  </datafield>
  <datafield tag="901" ind1=" " ind2=" ">
   <subfield code="u">www.thundersmouth.com</subfield>
  </datafield>
 </record>
</collection>
